Catálogo bibliográfico y de autores de la provincia de Ciudad Real / (Record no. 120097)

MARC details
000 -LEADER
campo de control de longitud fija 00674nam a2200193 4500
001 - NÚMERO DE CONTROL
campo de control 120097
003 - IDENTIFICADOR DE NÚMERO DE CONTROL
campo de control ES-MaACL
005 - FECHA Y HORA DE LA ÚLTIMA TRANSACCIÓN
campo de control 20230906191450.0
007 - CAMPO FIJO DE DESCRIPCIÓN FÍSICA--INFORMACIÓN GENERAL
campo de control de longitud fija t|
008 - DATOS DE LONGITUD FIJA--INFORMACIÓN GENERAL
campo de control de longitud fija 070214s1956 sp rb ||||1| spa d
100 1# - ENTRADA PRINCIPAL--NOMBRE DE PERSONA
Nombre de persona Pérez Valera, Isabel.
9 (RLIN) 91193
245 10 - MENCIÓN DEL TÍTULO
Título Catálogo bibliográfico y de autores de la provincia de Ciudad Real /
Mención de responsabilidad, etc. Isabel Pérez Valera.
260 ## - PUBLICACIÓN, DISTRIBUCIÓN, ETC.
Lugar de publicación, distribución, etc. Ciudad Real :
Nombre del editor, distribuidor, etc. Instituto de Estudios Manchegos,
Fecha de publicación, distribución, etc. 1956.
300 ## - DESCRIPCIÓN FÍSICA
Extensión 76 p. ;
Dimensiones 22 cm.
650 #4 - PUNTO DE ACCESO ADICIONAL DE MATERIA--TÉRMINO DE MATERIA
Término de materia o nombre geográfico como elemento de entrada Escritores españoles-
Subdivisión de forma Bibliografías.
9 (RLIN) 12384
651 #4 - PUNTO DE ACCESO ADICIONAL DE MATERIA--NOMBRE GEOGRÁFICO
Nombre geográfico Ciudad Real (Provincia)-
Subdivisión de forma Bibliografías.
9 (RLIN) 172594
710 2# - ENTRADA AGREGADA--NOMBRE DE ENTIDAD CORPORATIVA
Nombre de entidad corporativa o nombre de jurisdicción como elemento de entrada Instituto de Estudios Manchegos.
9 (RLIN) 4919
852 ## - LOCALIZACIÓN
Ubicación ES-MaACL
Número de control de estantería C-17710
Holdings
Estatus retirado Estado de pérdida Estado de daño No para préstamo Biblioteca de origen Biblioteca actual Ubicación en estantería Fecha de adquisición Fuente de adquisición Total de préstamos Signatura topográfica completa Código de barras Visto por última vez Precio de reemplazo Tipo de ítem Koha
        Biblioteca del Ateneo de Madrid Biblioteca del Ateneo de Madrid Galería 17/01/2008     C-17710 1125182 23/02/2023 23/02/2023 Libro impreso